वयं रक्षाम: (Record no. 86503)
[ view plain ]
| 000 -LEADER | |
|---|---|
| fixed length control field | 01141nam a22002297a 4500 |
| 005 - DATE AND TIME OF LATEST TRANSACTION | |
| control field | 20181126155105.0 |
| 010 ## - LCCN (DPL NO) | |
| LC control number | HIN-102798 |
| 020 ## - INTERNATIONAL STANDARD BOOK NUMBER | |
| International Standard Book Number | 9788170281351 |
| Terms of availability | 300.00 |
| 020 ## - INTERNATIONAL STANDARD BOOK NUMBER | |
| Terms of availability | 425.00 |
| International Standard Book Number | 9788170281351 |
| 035 ## - SYSTEM CONTROL NUMBER | |
| System control number | HN-75144 |
| 035 ## - SYSTEM CONTROL NUMBER | |
| System control number | B-712878 |
| 037 ## - SOURCE OF ACQUISITION | |
| Source of stock number/acquisition | DBAD / PUB |
| 082 ## - DEWEY DECIMAL CLASSIFICATION NUMBER | |
| Classification number | उ |
| 100 ## - MAIN ENTRY--PERSONAL NAME | |
| Personal name | चतुरसेन, आचार्य |
| 245 ## - TITLE STATEMENT | |
| Title | वयं रक्षाम: |
| Statement of responsibility, etc | आचार्य चतुरसेन |
| Remainder of title | प्राचीन युग की पृष्ठभूमि पर अाधारित एक महान् मौलिक उपन्यास / |
| 246 ## - VARYING FORM OF TITLE | |
| Title proper/short title | Vayam Rakshamah |
| Remainder of title | by Acharya Chatursen |
| 260 ## - PUBLICATION, DISTRIBUTION, ETC. (IMPRINT) | |
| Place of publication, distribution, etc | दिल्ली |
| Name of publisher, distributor, etc | राजपाल |
| Date of publication, distribution, etc | 2011 |
| -- | 2017 |
| 270 ## - ADDRESS | |
| Address | 1590, मदरसा रोड, कश्मीरी गेट |
| City | दिल्ली |
| Postal code | 110006 |
| Telephone number | 011-23869812, 23865483 |
| Fax number | 011-23867791 |
| Electronic mail address | sales@rajpalpublishing.com |
| 300 ## - PHYSICAL DESCRIPTION | |
| Extent | 415पृ. |
| Dimensions | 22 सेमी.(सजिल्द) |
| 942 ## - ADDED ENTRY ELEMENTS (KOHA) | |
| Source of classification or shelving scheme | Dewey Decimal Classification |
| Item type | Hindi Books |
| Classification part | उ |
| Call number suffix | चतुर |
| Withdrawn status | Lost status | Not for loan | Collection code | Home library | Current library | Date acquired | Source of acquisition | Cost, normal purchase price | Full call number | Barcode | Copy number | Cost, replacement price | Koha item type |
|---|---|---|---|---|---|---|---|---|---|---|---|---|---|
| Fiction | Bawana | Bawana | 26/11/2018 | राजपाल 2239/18-19/20.11.2018/540/19.11.2018/20.11.2018 | 425.00 | उ चतुर | B-712878 | 1 | 425.00 | Hindi Books | |||
| Not For Loan | Fiction | D.B.Act.Division | D.B.Act.Division | 04/07/2014 | DBAD / PUB | 300.00 | उ चतुर | HN-75144 | 1 | 300.00 | Hindi Books |
